Předsednictví Francie v Evropské unii
Dôležitosť predsedníctva v EÚ pre Francúzsko. Odmietnutie návrhu európskej ústavy a zodpovednosť Francúzska za krízu v EÚ. Aké by malo byť francúzske predsedníctvo. Päť najdôležitejších priorít predsedníctva. Stredomorská únia - priorita s mnohými otáznikmi.
Gespeichert in:
| 1. Verfasser: | |
|---|---|
| Format: | Buchkapitel |
| Sprache: | Tschechisch |
| Schlagworte: | |
| Tags: |
Keine Tags, Fügen Sie das erste Tag hinzu!
|
MARC
| LEADER | 00000naa$a2200000$$$4500 | ||
|---|---|---|---|
| 001 | 0075037 | ||
| 005 | 20231016093353.8 | ||
| 041 | 0 | |a cze | |
| 044 | |a CZ | ||
| 245 | 1 | 0 | |a Předsednictví Francie v Evropské unii |c Kateřina Bocianová |
| 520 | |a Dôležitosť predsedníctva v EÚ pre Francúzsko. Odmietnutie návrhu európskej ústavy a zodpovednosť Francúzska za krízu v EÚ. Aké by malo byť francúzske predsedníctvo. Päť najdôležitejších priorít predsedníctva. Stredomorská únia - priorita s mnohými otáznikmi. | ||
| 610 | 2 | 0 | |a Európska únia |
| 610 | 2 | 0 | |a spolupráca hospodárska medzinárodná |
| 610 | 2 | 0 | |a politika medzinárodná |
| 610 | 2 | 0 | |a politika zahraničná |
| 610 | 2 | 0 | |a vzťahy medzinárodné |
| 610 | 2 | 0 | |a bezpečnosť |
| 610 | 2 | 0 | |a imigrácia |
| 610 | 2 | 0 | |a energetika |
| 610 | 2 | 0 | |a zmluvy medzinárodné |
| 610 | 2 | 0 | |a Francúzsko |
| 100 | 1 | |a Bocianová, Kateřina | |